| 000 | 01085nam a2200289 4500 | ||
|---|---|---|---|
| 001 | 108757 | ||
| 003 | ES-MaACL | ||
| 005 | 20251113110443.0 | ||
| 007 | t| | ||
| 008 | 061121s1936 cu r ||||1| spa d | ||
| 080 | _a860(866)-92"18" | ||
| 100 | 1 |
_aMontalvo, Juan. _982350 |
|
| 245 | 1 | 0 |
_aPáginas desconocidas / _cJuan Montalvo ; [introducción, Roberto Agramonte]. |
| 260 |
_aLa Habana : _bCultural, _c[1936] |
||
| 300 |
_aXVIII, 473 p. ; _c24 cm. |
||
| 490 | 1 |
_aPublicaciones de la Revista de la Universidad de la Habana ; _v5 |
|
| 490 | 1 |
_aColección de escritores hispanoamericanos ; _v2 |
|
| 530 | _aDisponible en formato digital. | ||
| 700 | 1 |
_aAgramonte, Roberto. _918586 |
|
| 710 | 2 |
_aUniversidad de La Habana. _97191 |
|
| 830 | 1 |
_aPublicaciones de la Revista de la Universidad de la Habana ; _v5 _9185571 |
|
| 830 | 1 |
_aColección de escritores hispanoamericanos ; _v2 _9185572 |
|
| 852 |
_aES-MaACL _jD-8714 _cSVI |
||
| 856 | 4 |
_uhttps://archive.org/details/PginasDesconocidas/page/n1/mode/2up _y(Internet Archive) |
|
| 942 | _2udc | ||
| 999 |
_c108757 _d108757 |
||